Badly Drawn Medley Quiz Stats

 Plays Quiz Updated Jun 15, 2012

Challenge
Share
Tweet
Score 0/64 Timer 08:00
12 Plays Today
% Correct
Vampire
93%
Unicorn
92.4%
Mermaid
91.6%
Super Mario Bros
91.5%
Recycling
91.3%
Canada
90.5%
Apple
90.1%
Playboy
89.1%
Basketball
89%
Royal Dutch Shell
88.7%
Golf
88.7%
Football (Soccer)
88.5%
Boxing
88.2%
Tennis
87.7%
Surfing
87.5%
Zombie
87.1%
Hockey
86.9%
E.T. the Extra-Terrestrial
86%
Tetris
84.3%
Pokémon (Series)
83.8%
Star Wars Episode V: the Empire Strikes Back
82.2%
Volume
82.1%
Israel
81%
Cricket
80%
Mozilla Firefox
76.5%
Taijitu
74.3%
Leprechaun
71.1%
South Korea
70.4%
300
69.5%
The Shining
69.3%
Sasquatch
68.7%
Pulp Fiction
67%
% Correct
Lacoste
66.2%
World Wide Fund of Nature
66.1%
Casablanca
65.8%
Radiation
64.3%
Griffin
62.1%
Lord of the Rings: the Fellowship of the Ring
61.8%
Hammer and Sickle
61.7%
Tomb raider (Series)
59.1%
Brazil
54.9%
Anarchy
54.4%
Space Invaders
52.4%
Jamaica
52%
Monty Python and the Holy Grail
51%
Ferrari
50.7%
Minotaur
47.5%
Mortal Kombat (Series)
46.9%
New Zealand
43.8%
Vietnam
43.6%
Saudi Arabia
36.1%
Cyprus
31.1%
Finland
29.3%
Grand Theft Auto IV
24.8%
Red Dead Redemption
24.2%
Albania
21.4%
Om
17.3%
Haiti
15.5%
Bhutan
15.5%
Eye of Horus
15.1%
Yemen
11.1%
Sony Ericsson
10.1%
Kyrgyzstan
7.4%
Cameroon
6.9%

You're not logged in!

Compare scores with friends on all Sporcle quizzes.
Join for Free
OR
Log In

You Might Also Like...

Show Comments

Extras

Top Quizzes Today


Score Distribution

Your Account Isn't Verified!

In order to create a playlist on Sporcle, you need to verify the email address you used during registration. Go to your Sporcle Settings to finish the process.

Report this User

Report this user for behavior that violates our Community Guidelines.

Details: